| 000 | 03371cam a2200757 i 4500 | ||
|---|---|---|---|
| 001 | 4131 | ||
| 003 | FISKH | ||
| 005 | 20240607161252.0 | ||
| 008 | 210608t20202020nyu d 000 1 eng d | ||
| 010 | _a 2021285326 | ||
| 020 |
_a9780062676429 _q(hardcover) |
||
| 020 | _a9780062676436 | ||
| 020 |
_a0062676423 _q(hardcover) |
||
| 020 |
_z9780062995988 _q(intl edition) |
||
| 035 | _a(OCoLC)on1107340142 | ||
| 040 |
_aYDX _beng _erda _cYDX _dBDX _dDYJ _dNZLEP _dJUH _dW8A _dOCLCF _dCNCAR _dOCLCO _dGO6 _dTXSCH _dYU6 _dOCLCO _dEHH _dVP@ _dOCO _dTCH _dOCL _dDZM _dDLC |
||
| 042 | _alccopycat | ||
| 050 | 0 | 0 | _aPZ7.M2695 |
| 082 | 0 | 4 | _a813.6 |
| 100 | 1 | _aMafi, Tahereh, | |
| 245 | 1 | 0 |
_aImagine me / _cTahereh Mafi. |
| 250 | _aFirst paperback edition, 2021 | ||
| 260 |
_aNew York : _bHarper, _c2020 |
||
| 300 |
_a450, 16 pages : _c21 cm. |
||
| 336 |
_atext _btxt _2rdacontent |
||
| 337 |
_aunmediated _bn _2rdamedia |
||
| 338 |
_avolume _bnc _2rdacarrier |
||
| 490 |
_aShatter Me _vBook 6 |
||
| 520 | _aThe explosive finale to the New York Times and USA Today bestselling Shatter Me series. Juliette Ferrars. Ella Sommers. Which is the truth and which is the lie? Now that Ella knows who Juliette is and what she was created for, things have only become more complicated. As she struggles to understand the past that haunts her and looks to a future more uncertain than ever, the lines between right and wrong -- between Ella and Juliette -- blur. And with old enemies looming, her destiny may not be her own to control. The day of reckoning for the Reestablishment is coming. But she may not get to choose what side she fights on. | ||
| 650 | 0 |
_aAbility _vFiction. |
|
| 650 | 0 |
_aSoldiers _vFiction. |
|
| 650 | 0 |
_aDictatorship _vFiction. |
|
| 650 | 0 |
_aGovernment, Resistance to _vFiction. |
|
| 650 | 1 |
_aAbility _vFiction. |
|
| 650 | 1 |
_aSoldiers _vFiction. |
|
| 650 | 1 |
_aGovernment, Resistance to _vFiction. |
|
| 650 | 1 | _aYoung adult fiction. | |
| 650 | 7 |
_aYOUNG ADULT FICTION / Dystopian. _2bisacsh |
|
| 650 | 7 |
_aYOUNG ADULT FICTION / Science Fiction / General. _2bisacsh |
|
| 650 | 7 |
_aYOUNG ADULT FICTION / Romance / Paranormal. _2bisacsh |
|
| 650 | 7 |
_aAbility. _2fast _0(OCoLC)fst00794400 |
|
| 650 | 7 |
_aDictatorship. _2fast _0(OCoLC)fst00892878 |
|
| 650 | 7 |
_aGovernment, Resistance to. _2fast _0(OCoLC)fst00945663 |
|
| 650 | 7 |
_aSoldiers. _2fast _0(OCoLC)fst01125233 |
|
| 650 | 7 |
_aAbility _vJuvenile fiction. _2sears |
|
| 650 | 7 |
_aSoldiers _vJuvenile fiction. _2sears |
|
| 650 | 7 |
_aDictatorship _vJuvenile fiction. _2sears |
|
| 650 | 7 |
_aResistance to government _vJuvenile fiction. _2sears |
|
| 650 | 7 |
_aAbility _vFiction. _2sears |
|
| 650 | 7 |
_aSoldiers _vFiction. _2sears |
|
| 650 | 7 |
_aDictatorship _vFiction. _2sears |
|
| 650 | 7 |
_aResistance to government _vFiction. _2sears |
|
| 655 | 0 | _aYoung adult fiction. | |
| 655 | 7 |
_aYoung adult works. _2fast _0(OCoLC)fst01726790 |
|
| 655 | 7 |
_aDystopian fiction. _2fast _0(OCoLC)fst01921637 |
|
| 655 | 7 |
_aFantasy fiction. _2fast _0(OCoLC)fst01726607 |
|
| 655 | 7 |
_aFiction. _2fast _0(OCoLC)fst01423787 |
|
| 655 | 7 |
_aScience fiction. _2fast _0(OCoLC)fst01726489 |
|
| 655 | 7 |
_aYoung adult fiction. _2gsafd |
|
| 655 | 7 |
_aScience fiction. _2lcgft |
|
| 655 | 7 |
_aFantasy fiction. _2lcgft |
|
| 655 | 7 |
_aDystopian fiction. _2lcgft |
|
| 906 |
_a7 _bcbc _ccopycat _d2 _encip _f20 _gy-gencatlg |
||
| 942 |
_2ddc _cBK _n0 |
||
| 999 |
_c4131 _d4131 |
||